000 00272nam a2200121 i 4500
001 bg
245 0 _aNapęd elektryczny liniowy i wibracyjny.
260 _aWrocław,
_c1981.
040 _cBPK
041 _apol
942 _cKS
008 s pl f |000 0 pol
999 _c20376
_d20376
856 _uhttp://koha.tu.koszalin.pl/cgi-bin/koha/opac-detail.pl?biblionumber=20376
_yKatalog online BPK